<?xml version="1.0" encoding="UTF-8"?><marc:collection xmlns:marc="http://www.loc.gov/MARC21/slim">
  <marc:record>
    <marc:leader>00000nam##2200000za#4500</marc:leader>
    <marc:controlfield tag="001">9.625558</marc:controlfield>
    <marc:controlfield tag="003">CaOODSP</marc:controlfield>
    <marc:controlfield tag="005">20200401034752</marc:controlfield>
    <marc:controlfield tag="007">ta</marc:controlfield>
    <marc:controlfield tag="008">150406|2000||||xxc|||||     f|0| 0 fre|d</marc:controlfield>
    <marc:datafield tag="040" ind1=" " ind2=" ">
      <marc:subfield code="a">CaOODSP</marc:subfield>
      <marc:subfield code="b">fre</marc:subfield>
    </marc:datafield>
    <marc:datafield tag="043" ind1=" " ind2=" ">
      <marc:subfield code="a">n-cn---</marc:subfield>
    </marc:datafield>
    <marc:datafield tag="086" ind1="1" ind2=" ">
      <marc:subfield code="a">FA1-2000/3F</marc:subfield>
    </marc:datafield>
    <marc:datafield tag="110" ind1="1" ind2=" ">
      <marc:subfield code="a">Canada. </marc:subfield>
      <marc:subfield code="b">Bureau du vérificateur général.</marc:subfield>
    </marc:datafield>
    <marc:datafield tag="245" ind1="1" ind2="0">
      <marc:subfield code="a">Volume 3, décembre 2000 </marc:subfield>
    </marc:datafield>
    <marc:datafield tag="260" ind1=" " ind2=" ">
      <marc:subfield code="a">Ottawa - Ontario : </marc:subfield>
      <marc:subfield code="b">Bureau du vérificateur général du Canada </marc:subfield>
      <marc:subfield code="c">2000.</marc:subfield>
    </marc:datafield>
    <marc:datafield tag="300" ind1=" " ind2=" ">
      <marc:subfield code="a">14 volumes, dans un boîtier. : </marc:subfield>
      <marc:subfield code="b">figures, graphiques, tableaux ; </marc:subfield>
      <marc:subfield code="c">29 cm.</marc:subfield>
    </marc:datafield>
    <marc:datafield tag="490" ind1="1" ind2=" ">
      <marc:subfield code="a">Rapport du vérificateur général du Canada à la Chambre des communes, 2000 </marc:subfield>
    </marc:datafield>
    <marc:datafield tag="500" ind1=" " ind2=" ">
      <marc:subfield code="a">Sommaire: Questions d'une importance particulière, 2000: avant-propos et points saillants.--Chapitre 18: La régie des sociétés d'État.--Chapitre 19: L'information sur le rendement communiquée au Parlement: les progrès sont trop lents.--Chapitre 20: La gestion ministérielle axée sur les résultats et la gestion des questions horizontales axée sur les résultats.--Chapitre 21: Le Programme de recrutement postsecondaire de la fonction publique fédérale.--Chapitre 22: L'élaboration de la Norme générale de classification: suivi.--Chapitre 23: Les technologies de l'information: l'acquisition de biens et de services.--Chapitres 24-28: Protection de la santé et sécurité.--Chapitre 29: Secrétariat du Conseil du Trésor: rapport annuel sur les marchés du gouvernement, 1998.--Chapitre 30: Pêches et Océans: Les effets de la salmoniculture en Colombie-Britannique sur la gestion des stocks de saumon sauvage.--Chapitre 31: Pêches et Océans: la gestion de la flotte.--Chapitre 32: Défense national: la productivité des services de soutien de la défense: un rapport d'étape.--Chapitres 33-34: Autres observations et annexes.--Chapitre 35: La stratégie de développement durable du Bureau du vérificateur général.</marc:subfield>
    </marc:datafield>
    <marc:datafield tag="563" ind1=" " ind2=" ">
      <marc:subfield code="a">Couverture souple</marc:subfield>
    </marc:datafield>
    <marc:datafield tag="590" ind1=" " ind2=" ">
      <marc:subfield code="a">01-07</marc:subfield>
      <marc:subfield code="b">2001-02-16</marc:subfield>
    </marc:datafield>
    <marc:datafield tag="691" ind1="0" ind2="7">
      <marc:subfield code="a">Vérification comptable</marc:subfield>
      <marc:subfield code="2">gcpds</marc:subfield>
    </marc:datafield>
    <marc:datafield tag="691" ind1="0" ind2="7">
      <marc:subfield code="a">Dépenses publiques</marc:subfield>
      <marc:subfield code="2">gcpds</marc:subfield>
    </marc:datafield>
    <marc:datafield tag="775" ind1="0" ind2="8">
      <marc:subfield code="t">Volume 3, December 2000 </marc:subfield>
      <marc:subfield code="w">(CaOODSP)9.615493</marc:subfield>
    </marc:datafield>
    <marc:datafield tag="776" ind1="0" ind2="#">
      <marc:subfield code="t">Rapport du vérificateur général du Canada. Avant-propos </marc:subfield>
      <marc:subfield code="w">(CaOODSP)9.602786</marc:subfield>
    </marc:datafield>
    <marc:datafield tag="776" ind1="0" ind2="#">
      <marc:subfield code="t">Rapport du vérificateur général du Canada. Questions d'une importance particulière : 2000 </marc:subfield>
      <marc:subfield code="w">(CaOODSP)9.602787</marc:subfield>
    </marc:datafield>
    <marc:datafield tag="776" ind1="0" ind2="#">
      <marc:subfield code="t">Rapport du vérificateur général du Canada. Chapitre 18, : </marc:subfield>
      <marc:subfield code="w">(CaOODSP)9.602788</marc:subfield>
    </marc:datafield>
    <marc:datafield tag="776" ind1="0" ind2="#">
      <marc:subfield code="t">Rapport du vérificateur général du Canada. Chapitre 19, : </marc:subfield>
      <marc:subfield code="w">(CaOODSP)9.602789</marc:subfield>
    </marc:datafield>
    <marc:datafield tag="776" ind1="0" ind2="#">
      <marc:subfield code="t">Rapport du vérificateur général du Canada. Chapitre 21, : </marc:subfield>
      <marc:subfield code="w">(CaOODSP)9.602791</marc:subfield>
    </marc:datafield>
    <marc:datafield tag="776" ind1="0" ind2="#">
      <marc:subfield code="t">Rapport du vérificateur général du Canada. Chapitre 22, : </marc:subfield>
      <marc:subfield code="w">(CaOODSP)9.602792</marc:subfield>
    </marc:datafield>
    <marc:datafield tag="776" ind1="0" ind2="#">
      <marc:subfield code="t">Rapport du vérificateur général du Canada. Chapitre 23, : </marc:subfield>
      <marc:subfield code="w">(CaOODSP)9.602793</marc:subfield>
    </marc:datafield>
    <marc:datafield tag="776" ind1="0" ind2="#">
      <marc:subfield code="t">Rapport du vérificateur général du Canada. Chapitre 24, : </marc:subfield>
      <marc:subfield code="w">(CaOODSP)9.602794</marc:subfield>
    </marc:datafield>
    <marc:datafield tag="776" ind1="0" ind2="#">
      <marc:subfield code="t">Rapport du vérificateur général du Canada. Chapitre 25, : </marc:subfield>
      <marc:subfield code="w">(CaOODSP)9.602795</marc:subfield>
    </marc:datafield>
    <marc:datafield tag="776" ind1="0" ind2="#">
      <marc:subfield code="t">Rapport du vérificateur général du Canada. Chapitre 26, : </marc:subfield>
      <marc:subfield code="w">(CaOODSP)9.602796</marc:subfield>
    </marc:datafield>
    <marc:datafield tag="776" ind1="0" ind2="#">
      <marc:subfield code="t">Rapport du vérificateur général du Canada. Chapitre 27, : </marc:subfield>
      <marc:subfield code="w">(CaOODSP)9.602797</marc:subfield>
    </marc:datafield>
    <marc:datafield tag="776" ind1="0" ind2="#">
      <marc:subfield code="t">Rapport du vérificateur général du Canada. Chapitre 28, : </marc:subfield>
      <marc:subfield code="w">(CaOODSP)9.602798</marc:subfield>
    </marc:datafield>
    <marc:datafield tag="776" ind1="0" ind2="#">
      <marc:subfield code="t">Rapport du vérificateur général du Canada. Chapitre 29, : </marc:subfield>
      <marc:subfield code="w">(CaOODSP)9.602799</marc:subfield>
    </marc:datafield>
    <marc:datafield tag="776" ind1="0" ind2="#">
      <marc:subfield code="t">Rapport du vérificateur général du Canada. Chapitre 31, : </marc:subfield>
      <marc:subfield code="w">(CaOODSP)9.602802</marc:subfield>
    </marc:datafield>
    <marc:datafield tag="776" ind1="0" ind2="#">
      <marc:subfield code="t">Rapport du vérificateur général du Canada. Chapitre 32, : </marc:subfield>
      <marc:subfield code="w">(CaOODSP)9.602803</marc:subfield>
    </marc:datafield>
    <marc:datafield tag="776" ind1="0" ind2="#">
      <marc:subfield code="t">Rapport du vérificateur général du Canada. Chapitre 33, : </marc:subfield>
      <marc:subfield code="w">(CaOODSP)9.602804</marc:subfield>
    </marc:datafield>
    <marc:datafield tag="776" ind1="0" ind2="#">
      <marc:subfield code="t">Rapport du vérificateur général du Canada. Chapitre 34, : </marc:subfield>
      <marc:subfield code="w">(CaOODSP)9.602805</marc:subfield>
    </marc:datafield>
    <marc:datafield tag="776" ind1="0" ind2="#">
      <marc:subfield code="t">Rapport du vérificateur général du Canada. Chapitre 35, : </marc:subfield>
      <marc:subfield code="w">(CaOODSP)9.602808</marc:subfield>
    </marc:datafield>
    <marc:datafield tag="776" ind1="0" ind2="#">
      <marc:subfield code="t">Rapport du vérificateur général du Canada. Chapitre 20, : </marc:subfield>
      <marc:subfield code="w">(CaOODSP)9.602790</marc:subfield>
    </marc:datafield>
    <marc:datafield tag="776" ind1="0" ind2="#">
      <marc:subfield code="t">Rapport du vérificateur général du Canada. Chapitre 30, : </marc:subfield>
      <marc:subfield code="w">(CaOODSP)9.602800</marc:subfield>
    </marc:datafield>
    <marc:datafield tag="830" ind1="#" ind2="0">
      <marc:subfield code="a">Rapport du vérificateur général du Canada à la Chambre des communes, 2000.</marc:subfield>
      <marc:subfield code="w">(CaOODSP)9.513011</marc:subfield>
    </marc:datafield>
  </marc:record>
</marc:collection>
